00391nam a2200157 a 450000100060000000300090000600800410001502000150005604000280007108200110009910000330011024500150014326000420015830000100020065000230021017515CO-ViMGA141112s2004 ck r 000 u spa d a8489804265 aCO-ViMGAbspacCO-ViMGA04aLOBman1 aLobe, Mira; Kaufman, Agelika10aEl manzano aMadríd (España), cLoguez, c2000 a24.p.14aCUENTOS INFANTILES